000 00712nam a22002177a 4500
003 UA-OsUOA
001 109018
007 ta
008 20141125b un ||||| |||| 00| 0 ukr d
100 _aСавчук О.
090 _a330(477)
_bС13
942 _cSA
040 _aUA-OsUOA
_bukr
_cUA-OsUOA
_dUA-OsUOA
245 _aПроблеми реалізації державної регуляторної політики у сфері господарської діяльності на місцевому рівні
300 _aС.16-18
955 _a0
041 _aukr
080 _a330(477)
773 0 _w109017
_tЕкономіст
_dК.
_d2014
_g10
650 7 _a330 Економіка взагалі
_2UDC
999 _c395173
_d395173